| 000 | 00547nam a22001817a 4500 | ||
|---|---|---|---|
| 003 | DO-SdBNP | ||
| 005 | 20240228084930.0 | ||
| 007 | ta | ||
| 008 | 210915e2010 dr a|||er|||| 001 e spa d | ||
| 040 |
_aDO-SdBNP _bspa _cBNPHU |
||
| 082 | 4 |
_bL316b _222 |
|
| 100 | 1 |
_aLappot Robles, Teófilo, _d1957- _974151 |
|
| 245 | 1 | 0 |
_aBreves impresiones de un viaje a Cuba _cTeófilo Lappot Robles |
| 260 |
_aSanto Domingo : _bEncuadernaciones Profesionales, _c2010 |
||
| 300 |
_a119 p. : _bil. ; _c21 cm |
||
| 590 | _aInventariado 2021 / MF | ||
| 942 |
_2ddc _cLBS1 |
||
| 999 |
_c50524 _d50524 |
||